| 000 | 01964nam0a2200349 4500 | ||
|---|---|---|---|
| 001 | RU\NLR\BIBL_A\011690338 | ||
| 005 | 20180515151434.0 | ||
| 010 | _a978-5-4213-0102-8 | ||
| 021 |
_aRU _bКН-П-18-023552 _9КН-П-18-1711 |
||
| 035 | _a(NLR Aleph) 011690338 | ||
| 035 | _a(RuMoRGB)009586932 | ||
| 090 |
_a11334271 _c11334271 |
||
| 100 | _a20180427d2018 k y0rusy50 ca | ||
| 101 | 0 | _arus | |
| 102 | _aRU | ||
| 105 | _aa|||z|||100zy | ||
| 200 | 1 |
_aМатериалы Международной научно-практической конференции "Безопасное материнство - лестница к счастью", 17 ноября 2017 года, Москва _fГосударственное автономное учреждение города Москвы "Институт дополнительного профессионального образования работников социальной сферы" _g[научный редактор: Холостова Е.И., д.ист.н., проф.] |
|
| 210 |
_aМосква _cИДПО ДТСЗН _d2018 |
||
| 215 |
_a105 с. _cил. _d21 |
||
| 320 | _aБиблиогр. в конце ст. | ||
| 606 | 1 |
_aМатеринство _jСъезды, совещания и т.п _xСоциально-психологические исследования _92113147 _3RU\NLR\AUTH\661276879 |
|
| 686 |
_aС555.535я431(0) _2rubbk |
||
| 686 |
_aЮ937.31я431(0) _2rubbk |
||
| 686 | 1 | _aС550.535я431 | |
| 702 | 1 |
_aХолостова _bЕ. И. _gЕвдокия Ивановна _4340 |
|
| 710 | 1 | 2 |
_a"Безопасное материнство - лестница к счастью", международная научно-практическая конференция _eМосква _f2017 _9601896 _3RU\NLR\AUTH\880470033 |
| 942 | _cBOOK | ||
| 980 | _aNBR | ||
| 980 | _aNB | ||